000 00730nam a2200157 a 4500
008 070709s2006 ||||||||||||||||| || u
050 _aUN-ESC(02)
110 _aUnited Nations Economic and Social Council (UNESC)
245 1 0 _aUnited Nations forrum on forests
246 _areport of the sixth session( 27 May 2005 and 13 to 24 February 2006)
260 _aNew York
_bUnited Nations Economic and Social Council (UNESC)
_c2006
300 _aiii, 40p.
350 _a0.00
500 _aEconomic and Social Council Official Records, 2006.Supplement no. 22
995 _D0.00
_FCBU-MAIN LIBRARY (Kitwe)
_H1
_I0.00
_M1
_UAVAILABLE
_WJul 9, 2007
_ZInternational Publications
999 _c60834
_d60834